000 00304nam a2200109Ia 4500
008 171211s9999 xx 000 0 und d
245 _aElvis Style : From Zoot Suits to Jumpsuits
245 _cZoey Goto
260 _c2016
650 _xDesign
856 _uhttp://down.ebook777.com/059/9780993000225.pdf
999 _c347982
_d347982